• 首页
  • 本馆介绍
  • 公告通知
  • 最新文献
  • 馆藏检索
  • 电子资源
  • 读者导购
  • 参考咨询
  • 我的图书馆
  • 登录
  • 详细信息显示
  • 放入我的书架
  • 预约/预借图书
  • 作者相关作品
  • 分类相关作品
  • 丛书相关作品
  • 出版社相关作品

书目信息

  • 表格格式
  • 工作单格式
  • 卡片格式
书名: 煤矿产地—经互会成员与俄联邦
作者: 卡缅诺夫著.
分册号:
分册名:
出版地: 莫斯科,
 
出版社:
出版时间: 1984.
页数: 504 p. ;
开本: 20cm.
丛书名:
中图分类号:
科图分类号:
其他分类号: F416.1
主题词:
电子资源:
000 00415nam 2200169 a 4500
001 E0756955542
005 20070801155342.73
008 070801s1984 00010 eng
020    @cCNY17.04.
040    @aPFT@bchi
041    @achi@hrus
090    @aF416.1
099    @dF416.1@ex21
245 1  @a煤矿产地—经互会成员与俄联邦 / @c卡缅诺夫著.
260    @a莫斯科,@c1984.
300    @a504 p. ;@c20cm.
650    @a世界经济@x煤矿
    
    煤矿产地—经互会成员与俄联邦 / / 卡缅诺夫著.-莫斯科, , 1984.
    504 p. ; ; 20cm.
    
    
    ISBN CNY17.04.
    
●
相关链接 在E读中查询图书 在五车中查询图书 在当当中查询图书 在豆瓣中查询图书


正题名:煤矿产地—经互会成员与俄联邦     索取号:F416.1/x21         预约/预借

序号 登录号 条形码 馆藏地/架位号 状态 备注
1 14947   300149471   第二样本阅览室/ [索取号:F416.1/x21] 在馆    
2 14948   300149480   第四借阅区/ [索取号:F416.1/x21] 在馆    
唐山师范学院图书馆 欢迎您!
大连网信软件有限公司© 版权所有